zpět

Detail výsledku týmu

Lidové sady, Liberec

Datum a čas kvízu

25.5 Celkem bodů Celkový počet nahraných bodů na tomto kvízu bez doplňovacích otázek.
9. Pořadí na kvízu Konečné umístění týmu na tomto kvízu.

Zaznamenané odpovědi

# Otázka Odpověď Body Výsledky
1. Podnikatel tuniského původu Fe... 0
2. Na jednu z částí souostroví Ga... 0
3. Britská televize Channel 4 min... 0
4. Americký výrobce elektromobilů... 0
5. Konec neporazitelnosti v hokej... 1
6. Mezinárodní vesmírná stanice (... 0.5
7. V předchozí otázce bylo řečeno... 0
8. Standardní denní program posád... 0
9. Jak se jmenuje ruská kosmická... 1
10. První espresso kávovar, určený... 0